| 000 | 01353cam a2200241 i 4500 | ||
|---|---|---|---|
| 001 | 991107167038306196 | ||
| 005 | 20250311154249.0 | ||
| 008 | 210123s2021 enk 000 0 eng d | ||
| 020 | _a9781913947132 | ||
| 035 | _a(OCoLC)1232273043 | ||
| 035 | _a(OCoLC)on1232273043 | ||
| 040 |
_aYDX _beng _cYDX _dBDX _dUKMGB _dOCLCO _dOCLCF _dEZG _dOCLCQ _dOCLCO _dWLM |
||
| 090 |
_aPR6045.O72 _bZ5684 2021 |
||
| 100 |
_aWoolf, Virginia _d1882-1941 _923962 |
||
| 245 | 1 | 0 |
_aVirginia Woolf _b: quotes from a feminist icon _c/ Virginia Woolf. |
| 264 | 1 |
_aLondon : _bLaurence King Publishing, _c2021. |
|
| 300 |
_a127 pages ; _c17 cm |
||
| 504 | _aIncludes bibliographical references. | ||
| 520 |
_a"The first and collection of Virginia Woolf's most inspirational quotes. 'No need to hurry. No need to sparkle. No need to be anybody but oneself.' Over 100 words of wisdom from the inimitable Virginia Woolf on love, literature, feminism, food, work, ageing, authenticity, nature, truth, happiness and everything in between, carefully selected and curated from Woolf's timeless novels, essays and speeches. A celebration of one of the world's best loved writers and a true feminist icon, in a beautifully packaged, small-format gift book." -- _cPublisher. |
||
| 600 | 0 |
_aWoolf, Virginia _d1882-1941 _vQuotations. _923962 |
|
| 655 | 0 |
_aQuotations _923002 |
|
| 942 | _2lcc | ||
| 999 |
_c4527 _d4527 |
||